|
|
|
|
| LEADER |
01273nam a2200325 a 4500 |
| 001 |
000450068 |
| 003 |
CZ BrMZK |
| 005 |
20210115181308.0 |
| 007 |
ta |
| 008 |
970919s1972 xr f cze d |
| 015 |
|
|
|a cnb000454697
|
| 035 |
|
|
|a (OCoLC)42115340
|
| 040 |
|
|
|a BOA001
|b cze
|
| 080 |
|
|
|a 92 Němec, F.
|2 MRF
|
| 080 |
|
|
|a 885-29:92 Poláček, K.
|2 MRF
|
| 100 |
1 |
|
|a Poláček, Karel,
|d 1892-1945
|7 jk01100136
|
| 245 |
1 |
0 |
|a Lidičky před soudem /
|c soudničky Karla Poláčka a Františka Němce ; pásmo sest. Jaromír Mariánek
|
| 260 |
|
|
|a Kladno :
|b Krajská knihovna,
|c 1972
|
| 300 |
|
|
|a 31 s. ;
|c 4°
|
| 490 |
1 |
|
|a Metodické texty Krajské knihovny v Kladně ;
|v sv. 48
|
| 500 |
|
|
|a 180 výt.
|
| 504 |
|
|
|a Obsahuje bibliografii
|
| 700 |
1 |
|
|a Němec, František,
|d 1902-1963
|7 jk01083051
|4 aut
|
| 700 |
1 |
|
|a Mariánek, Jaromír
|7 mzk2011635676
|4 com
|
| 830 |
|
0 |
|a Metodické texty Krajské knihovny v Kladně
|
| 910 |
|
|
|a BOA001
|b X2-0715.571
|
| 964 |
|
|
|a Němec, František (1902-1963 novinář a spisovatel čes.): soudničky - stati a ukázky
|
| 964 |
|
|
|a Poláček, Karel (1892-1944 spisovatel čes.): soudničky - stati a ukázky
|
| 990 |
|
|
|a BK
|
| 996 |
6 |
|
|b 2619776623
|c X2-0715.571
|l MZK
|r Sklad / do 24 hodin
|n 12
|w 000450068
|u 000010
|a 1
|e BOA001
|j MZK50
|s P
|